Nadu-nudiya Rupaka Rashtra Adhunikathe Mattu Kannadada Modala Kadambarigalu. (Record no. 104858)
[ view plain ]
| 000 -LEADER | |
|---|---|
| fixed length control field | 02277nam a2200217Ia 4500 |
| 003 - CONTROL NUMBER IDENTIFIER | |
| control field | OSt |
| 005 - DATE AND TIME OF LATEST TRANSACTION | |
| control field | 20260107150925.0 |
| 008 - FIXED-LENGTH DATA ELEMENTS--GENERAL INFORMATION | |
| fixed length control field | 210210b2001 xxu||||| |||| 00| 0 eng d |
| 040 ## - CATALOGING SOURCE | |
| Transcribing agency | AL |
| 041 ## - LANGUAGE CODE | |
| Language code of text/sound track or separate title | Kannada |
| 082 ## - DEWEY DECIMAL CLASSIFICATION NUMBER | |
| Classification number | K894.309 SHIN |
| 100 ## - MAIN ENTRY--PERSONAL NAME | |
| Personal name | SHIVARAMA PADIKKAL. |
| Dates associated with a name | ಶಿವರಾಮ ಪಡಿಕ್ಕಲ್ |
| 9 (RLIN) | 202114 |
| 245 ## - TITLE STATEMENT | |
| Title | Nadu-nudiya Rupaka Rashtra Adhunikathe Mattu Kannadada Modala Kadambarigalu. |
| Remainder of title | ನಾಡು-ನುಡಿಯ ರೂಪಕ ರಾಷ್ಟ್ರಆಧುನಿಕತೆ ಮತ್ತು ಕನ್ನಡದ ಮೊದಲ ಕಾದಂಬರಿಗಳು |
| 260 ## - PUBLICATION, DISTRIBUTION, ETC. | |
| Place of publication, distribution, etc. | Mangalagangotri. |
| Name of publisher, distributor, etc. | Prasaranga, Mangaluru Vishwavidyanilaya., |
| Date of publication, distribution, etc. | 2001 |
| 300 ## - PHYSICAL DESCRIPTION | |
| Extent | 280 |
| 520 ## - SUMMARY, ETC. | |
| Summary, etc. | "ನಾಡು-ನುಡಿಯ ರೂಪಕ: ರಾಷ್ಟ್ರ, ಆಧುನಿಕತೆ ಮತ್ತು ಕನ್ನಡದ ಮೊದಲ ಕಾದಂಬರಿಗಳು" ಎನ್ನುವುದು ಡಾ. ಶಿವರಾಂ ಪಡಿಕಲ್ ರಚಿಸಿದ ಒಂದು ಪ್ರಬಂಧ/ಸಂಶೋಧನಾ ಗ್ರಂಥವಾಗಿದ್ದು, ಇದು ಕನ್ನಡದ ರಾಷ್ಟ್ರಭಕ್ತಿ, ಆಧುನಿಕತೆ ಮತ್ತು ಮೊದಲು ಬಂದ ಕಾದಂಬರಿಗಳ ಆಳವಾದ ವಿಶ್ಲೇಷಣೆ ಮಾಡುತ್ತದೆ, ವಿಶೇಷವಾಗಿ ರಾಷ್ಟ್ರ ಕಟ್ಟುವ ಪ್ರಕ್ರಿಯೆಯಲ್ಲಿ ಭಾಷೆ ಮತ್ತು ಸಾಹಿತ್ಯದ ಪಾತ್ರವನ್ನು ವಿವರಿಸುತ್ತದೆ. ಇದು ಆಧುನಿಕ ಕನ್ನಡ ಸಾಹಿತ್ಯದ ಆರಂಭದ ಕಾದಂಬರಿಗಳಾದ 'ಮುದ್ರಾಮಂಜೂಷ'ದಂತಹ ಕೃತಿಗಳನ್ನು ಆಧರಿಸಿ ನಾಡು, ನುಡಿ ಮತ್ತು ರಾಷ್ಟ್ರದ ಕಲ್ಪನೆಗಳ ಬೆಳವಣಿಗೆಯನ್ನು ವಿಶ್ಲೇಷಿಸುತ್ತದೆ, ಆಧುನಿಕತೆಯ ಆಗಮನದೊಂದಿಗೆ ಕನ್ನಡ ಕಾದಂಬರಿಗಳು ಹೇಗೆ ವಿಕಸನಗೊಂಡವು ಎಂಬುದನ್ನು ತೋರಿಸುತ್ತದೆ |
| 650 ## - SUBJECT ADDED ENTRY--TOPICAL TERM | |
| Topical term or geographic name entry element | Kadambarigala Vimarshe |
| 9 (RLIN) | 202115 |
| 690 ## - LOCAL SUBJECT ADDED ENTRY--TOPICAL TERM (OCLC, RLIN) | |
| Topical term or geographic name as entry element | Kannada Criticism |
| 9 (RLIN) | 202116 |
| 906 ## - LOCAL DATA ELEMENT F, LDF (RLIN) | |
| a | 057287 |
| 942 ## - ADDED ENTRY ELEMENTS (KOHA) | |
| Source of classification or shelving scheme | Dewey Decimal Classification |
| Koha item type | Book |
| Withdrawn status | Lost status | Source of classification or shelving scheme | Damaged status | Not for loan | Collection code | Home library | Current library | Date acquired | Source of acquisition | Cost, normal purchase price | Total Checkouts | Full call number | Barcode | Date due | Date last seen | Date last checked out | Price effective from | Koha item type |
|---|---|---|---|---|---|---|---|---|---|---|---|---|---|---|---|---|---|---|
| Dewey Decimal Classification | Kannada | St Aloysius Library | St Aloysius Library | 02/17/2021 | Athree Book Centre, Mangalore-01. | 120.00 | 4 | K894.309 SHIN | 057287 | 06/13/2026 | 05/14/2026 | 05/14/2026 | 02/17/2021 | Book |